| 000 | 01717cam a22004214i 4500 | ||
|---|---|---|---|
| 003 | PE-LiUPU | ||
| 005 | 20250731183407.0 | ||
| 008 | 171123b2016 ag a r 000 0 spa d | ||
| 020 | _a9789875001800 | ||
| 035 | _a(Sirsi) a240182 | ||
| 040 |
_aPE-LiUPU _bspa _cPE-LiUPU _erda |
||
| 041 | 1 |
_aspa _hpor |
|
| 049 | _aPRUA | ||
| 082 | 0 | 4 |
_a720.9281 _bN55 _220 |
| 100 | 1 |
_aNiemeyer, Oscar, _eautor. |
|
| 245 | 1 | 0 |
_aDiario - Boceto / _cOscar Niemeyer ;traducción Teresa Arijón y Bárbara Belloc. |
| 264 | 1 |
_aBuenos Aires : _bManantial, _c2016. |
|
| 300 |
_a230 páginas : _bilustraciones ; _c22 centímetros |
||
| 336 |
_atext _2rdacontent |
||
| 337 |
_aunmediated _2rdamedia |
||
| 338 |
_avolume _2rdacarrier |
||
| 505 | 0 | _aOscar Niemeyer: un hombre, un siglo, por Teresa Arijón -- La forma en la arquitectura -- Mi arquitectura -- Mi xperiencia en Brasilia -- Crónicas -- Las curvas del tiempo. Memorias. | |
| 526 | _aP158 | ||
| 526 | _aP146 | ||
| 526 | _aP17 | ||
| 526 | _aP12 | ||
| 526 | _aP06 | ||
| 526 | 8 |
_iPrograma académico : _5PE-LiUPU |
|
| 534 |
_pTítulo original : _tAs curvas do tempo. Memórias, Minha arquitetura, A forma na arquitetura, Minha experiência em Brasília, Crônicas. |
||
| 541 | _g004-001759; | ||
| 650 | 0 | 4 |
_aArquitectura. _94555 |
| 650 | 0 | 4 | _aArchitecture. |
| 910 |
_adbm _beag _ceag _d20171123 |
||
| 942 |
_2ddc _cBOOK |
||
| 994 |
_aC0 _bPEPRU |
||
| 596 | _a1 | ||
| 999 |
_a720.9281 N55 _wDEWEY _c25843 _i77187 _d25843 _e2018-8-28 _f2021-11-9 _g4 _lCCODEBUL1 _mBUL _n1 _p20.00 _q2 _r0 _sY _tBOOK _u2017-11-23 _xINGENIERIA _PP06 _0COMPRA _o.STAFF. Colección Ingeniería y Arquitectura |
||
| 980 |
_81 _gALBERTO SANCHEZ Responsable de Automatización |
||